000 00657nam a2200241 i 4500
001 C2-0246836
003 PPAK
005 20180727211518.0
008 030325s2000 nyua|||| ||||| | eng d
020 _a014230123X
040 _aPPAK
_beng
_cPPAK
_erda
082 0 4 _a811.54
_223
090 0 0 _a811.54
_bWIS
_dK
100 1 _aWise, William,
_eauthor
245 1 0 _aDinosaurs forever
264 1 _aNew York :
_bPuffin Books ,
_c2000
300 _a[36 pages] :
_bcolour illustrations ;
_c27 cm
336 _2rdacontent
_atext
337 _2rdamedia
_aunmediated
338 _2rdacarrier
_avolume
650 1 0 _aChildren's poetry, American
942 _ddc
_cB
999 _c60736
_d60736